Pokemon Type Resistance Quiz - Statistics

General Stats
  • This quiz has been taken 509 times
  • The average score is 33 of 69
Answer Stats
This Type Resists: Answer % Correct
water fire
94%
water ice
79%
water water
69%
water steel
68%
fire bug
64%
fire grass
61%
flying (immune) ground
61%
ground (immune) electric
59%
fire fire
58%
steel (immune) poison
58%
grass water
56%
fire fairy
55%
normal (immune) ghost
55%
grass grass
55%
ghost (immune) normal
54%
fire steel
54%
electric electric
53%
ghost (immune) fighting
53%
flying bug
52%
fire ice
52%
fairy (immune) dragon
51%
flying fighting
51%
flying grass
51%
grass electric
50%
grass ground
50%
rock fire
49%
bug grass
49%
electric steel
49%
electric flying
48%
psychic psychic
48%
dark (immune) psychic
48%
steel bug
47%
psychic fighting
47%
rock flying
47%
dragon fire
46%
rock normal
46%
ground rock
46%
dragon water
46%
dragon grass
45%
ice ice
45%
dragon electric
44%
steel fairy
44%
steel grass
44%
rock poison
44%
steel rock
44%
steel ice
43%
poison bug
42%
fairy dark
42%
steel dragon
42%
bug fighting
42%
steel flying
42%
poison grass
42%
steel normal
41%
ground poison
41%
poison fairy
40%
fairy fighting
40%
dark ghost
40%
steel psychic
40%
steel steel
40%
fighting bug
39%
dark dark
39%
poison poison
39%
fairy bug
38%
poison fighting
38%
bug ground
38%
ghost bug
37%
fighting dark
37%
fighting rock
37%
ghost poison
35%
No matching quizzes found
Score Distribution
Percent of People with Each Score
Percentile by Number Answered
Your Score History
You have not taken this quiz